Methods in behavioral research / (Record no. 4439)

MARC details
000 -LEADER
fixed length control field 01351cam a22001934a 4500
020 ## - INTERNATIONAL STANDARD BOOK NUMBER
ISBN 0767410637
022 ## - INTERNATIONAL STANDARD SERIAL NUMBER
ISSN 9780767410632
050 00 - CALL NUMBER
Classification number BF76.5
Item number .C67
100 1# - AUTHOR
Personal name Cozby, Paul C.
245 10 - TITLE
Title Methods in behavioral research /
Statement of responsibility, etc Paul C. Cozby.
250 ## - EDITION
Edition statement 7th ed.
260 ## - PUBLICATION INFORMATION
Place of publication Mountain View, Calif. :
Name of publisher Mayfield Pub. Co.,
Year of publication c2001.
300 ## - DESCRIPTION
Number of Pages xiii, 370 p. :
Other physical details ill. ;
Dimensions 23 cm.
500 ## - NOTES
General note Includes bibliographical references and index
505 ## - FORMATTED CONTENTS NOTE
Table of Content Ch. 1. Scientific understanding of behavior --<br/>Ch. 2. Where to start --<br/>Ch. 3. Ethical research --<br/>Ch. 4. Studying behavior --<br/>Ch. 5. Measurement concepts --<br/>Ch. 6. Observing behavior --<br/>Ch. 7. Asking people about themselves: survey researchh --<br/>Ch. 8. Experimental design: purposes and pitfalls --<br/>Ch. 9. Conducting experiments --<br/>Ch. 10. Complex experimental designs --<br/>Ch. 11. Quasi-experimental, single-subject, and developmental research designs --<br/>Ch. 12. Understanding research results: description and correlation --<br/>Ch. 13. Understanding research results: statistical inference --<br/>Ch. 14. Generalizing results --<br/>App. A. Writing research reports --<br/>App. B. Statistical tests --<br/>App. C. Statistical tables --<br/>App. D. Constructing a Latin square.
650 #0 - SUBJECTS
Topical Term Psychology
General subdivision Research
-- Methodology.
650 #0 - SUBJECTS
Topical Term Social sciences
General subdivision Research
-- Methodology.
942 ## - ADDED ENTRY ELEMENTS (KOHA)
Koha item type Books
Holdings
Withdrawn status Lost status Collection code Home library Current library Shelving location Date acquired Full call number Accession Number Koha item type
    Reference Methodist University Library Main Methodist University Library Main General Stacks 26/05/2005 BF76.5 .C67 16140 Books
      Methodist University Library Main Methodist University Library Main General Stacks 26/05/2005 BF76.5 .C67 16142 Books
      Methodist University Library Main Methodist University Library Main General Stacks 26/05/2005 BF76.5 .C67 16141 Books
Copyright © 2026  MUG Library